[Event "SV Wattenscheid 3 - SK Sodingen/Castrop"]
[Site "Verbandsklasse - Gr. 2 2019/2"]
[Date "2019.12.08"]
[Round "4.2"]
[White "Dick, Matthias"]
[Black "Lucke, Thomas"]
[Result "1/2-1/2"]
[WhiteElo "1994"]
[BlackElo "1851"]
[PlyCount "20"]
[EventDate "2019.??.??"]
[WhiteTeam "SV Wattenscheid 3"]
[BlackTeam "SK Sodingen/Castrop 3"]

1. Nf3 d5 2. c4 c6 3. g3 Nf6 4. Bg2 Bf5 5. cxd5 cxd5 6. Nc3 Nc6 7. d3 e6 8. O-O
Be7 9. Qb3 Qd7 10. Rd1 d4 1/2-1/2

[Event "SG Bochum 3 - SW Oberhausen 1"]
[Site "Verbandsklasse - Gr. 2 2019/2"]
[Date "2019.12.08"]
[Round "4.2"]
[White "Fistoul, Boris"]
[Black "Hortolani, Sven-Holger"]
[Result "0-1"]
[WhiteElo "2074"]
[BlackElo "2031"]
[PlyCount "60"]
[EventDate "2019.??.??"]
[WhiteTeam "SG Bochum 3"]
[BlackTeam "SW Oberhausen 1"]

1. d4 g6 2. c4 Bg7 3. e4 c5 4. d5 d6 5. Nc3 Nf6 6. f4 O-O 7. Nf3 Bg4 8. h3 Bxf3
9. Qxf3 e6 10. Bd3 exd5 11. cxd5 Na6 12. O-O Nc7 13. g4 Nd7 14. Qg3 b5 15. Nxb5
c4 16. Nxc7 Qxc7 17. Be2 Rfe8 18. Bf3 Rab8 19. g5 c3 20. Rb1 cxb2 21. Be3 Qc3
22. Bxa7 Ra8 23. Bf2 Rxa2 24. Qg4 Nc5 25. Bxc5 Qxc5+ 26. Kh1 Ra1 27. Qg2 Rxb1
28. Rxb1 Qc1+ 29. Qf1 Rc8 30. Kg2 Qxf1+ 0-1

[Event "SG Bochum 3 - SW Oberhausen 1"]
[Site "Verbandsklasse - Gr. 2 2019/2"]
[Date "2019.12.08"]
[Round "4.3"]
[White "Schwerdtfeger, Joachim"]
[Black "Finke, Dominik"]
[Result "1-0"]
[WhiteElo "1862"]
[BlackElo "1968"]
[PlyCount "47"]
[EventDate "2019.??.??"]
[WhiteTeam "SW Oberhausen 1"]
[BlackTeam "SG Bochum 3"]

1. e4 e5 2. Nf3 Nc6 3. Bc4 Bc5 4. c3 Nf6 5. d3 d6 6. Bb3 O-O 7. Bg5 h6 8. Bh4
g5 9. Bg3 Re8 10. Nbd2 a6 11. Nf1 d5 12. N3d2 d4 13. Qe2 Qe7 14. h4 g4 15. h5
Kh7 16. Bh4 Be6 17. Bc2 Kg7 18. Ng3 Qd7 19. Nf5+ Bxf5 20. Bxf6+ Kxf6 21. exf5
Kxf5 22. Ne4 Be7 23. Bb3 Bg5 24. Rh3 1-0

[Event "SG Bochum 3 - SW Oberhausen 1"]
[Site "Verbandsklasse - Gr. 2 2019/2"]
[Date "2019.12.08"]
[Round "4.4"]
[White "Gluma, Christian"]
[Black "Kuckelkorn, Joerg"]
[Result "1-0"]
[WhiteElo "1879"]
[BlackElo "1887"]
[PlyCount "92"]
[EventDate "2019.??.??"]
[WhiteTeam "SG Bochum 3"]
[BlackTeam "SW Oberhausen 1"]

1. e4 c5 2. Nf3 d6 3. d4 cxd4 4. Nxd4 Nf6 5. Nc3 a6 6. Bg5 e6 7. f4 Be7 8. Qf3
h6 9. Bh4 Qc7 10. O-O-O Nbd7 11. g4 Nxe4 12. Qxe4 Bxh4 13. Nf5 Nc5 14. Qe3 Be7
15. Nxg7+ Kf8 16. Nh5 Bd7 17. Bg2 Bc6 18. Rdg1 Rc8 19. h4 Bxg2 20. Rxg2 Qc6 21.
Rgg1 b5 22. Qd4 Rh7 23. Rh2 a5 24. Nf6 Bxf6 25. Qxf6 b4 26. Nd1 b3 27. axb3
Nxb3+ 28. Kb1 Qc5 29. Rg3 Qd4 30. Qxd4 Nxd4 31. Rd2 e5 32. fxe5 dxe5 33. c3 Nb3
34. Rd7 Rg7 35. Ne3 Ke8 36. Rb7 Nd2+ 37. Kc2 Ne4 38. Rf3 Nc5 39. Rb6 Ne6 40.
Nf5 Nd4+ 41. Nxd4 exd4 42. Rxh6 dxc3 43. Rh8+ Kd7 44. Rd3+ Ke6 45. Rxc8 cxb2
46. Rc4 f5 1-0

[Event "SG Bochum 3 - SW Oberhausen 1"]
[Site "Verbandsklasse - Gr. 2 2019/2"]
[Date "2019.12.08"]
[Round "4.5"]
[White "Matthes, Severin Johannes"]
[Black "Prieb, Robert"]
[Result "1/2-1/2"]
[WhiteElo "1817"]
[BlackElo "1939"]
[PlyCount "89"]
[EventDate "2019.??.??"]
[WhiteTeam "SW Oberhausen 1"]
[BlackTeam "SG Bochum 3"]

1. d4 Nf6 2. c4 g6 3. g3 c6 4. Bg2 d5 5. Nf3 Bg7 6. O-O O-O 7. Nc3 b6 8. Ne5
Bb7 9. b3 e6 10. e3 Nbd7 11. f4 Rc8 12. Ba3 Re8 13. Rc1 a6 14. b4 b5 15. c5 Ra8
16. g4 Re7 17. g5 Ne8 18. h4 f5 19. h5 Nf8 20. Kf2 Bxe5 21. dxe5 Ng7 22. Bf3
Nxh5 23. Bxh5 gxh5 24. Rh1 Ng6 25. Ne2 h4 26. Nd4 a5 27. Rc2 Qd7 28. bxa5 Rxa5
29. Bb4 Ra4 30. Be1 Qd8 31. Kg1 Qa8 32. Qd2 Qa7 33. Bxh4 Qa5 34. Qxa5 Rxa5 35.
Be1 Ra4 36. Nb3 Re4 37. Kf2 Rg7 38. Kf3 d4 39. Nxd4 Nxf4 40. Nxf5 exf5 41. exf4
Rd7 42. Rd2 Rxd2 43. Bxd2 Ra4 44. Ra1 Ra3+ 45. Ke2 1/2-1/2

[Event "SG Bochum 3 - SW Oberhausen 1"]
[Site "Verbandsklasse - Gr. 2 2019/2"]
[Date "2019.12.08"]
[Round "4.6"]
[White "Klugstedt, Vincent C."]
[Black "Kyas, Jens-Stefan"]
[Result "1/2-1/2"]
[WhiteElo "1942"]
[BlackElo "1763"]
[PlyCount "93"]
[EventDate "2019.??.??"]
[WhiteTeam "SG Bochum 3"]
[BlackTeam "SW Oberhausen 1"]

1. d4 f5 2. c4 Nf6 3. Nc3 e6 4. Bf4 d5 5. e3 c6 6. Bd3 Bd6 7. Bg3 Ne4 8. Nf3
O-O 9. Bxe4 fxe4 10. Ne5 Qg5 11. O-O Bxe5 12. Bxe5 Nd7 13. Bf4 Qg6 14. f3 Nf6
15. Bd6 Rd8 16. Be7 Re8 17. Bxf6 gxf6 18. fxe4 dxe4 19. Qc2 f5 20. Rad1 b6 21.
b4 Bb7 22. c5 Ba6 23. Rf2 Bc4 24. Nxe4 Bd5 25. Nc3 bxc5 26. bxc5 Rf8 27. Nxd5
exd5 28. Rdf1 Rae8 29. Rf3 Re4 30. Rg3 Rg4 31. Rff3 Qe6 32. Rxf5 Rxg3 33. Rxf8+
Kxf8 34. Qf2+ Ke8 35. Qxg3 Qe4 36. Qb8+ Kd7 37. Qd6+ Kc8 38. Qxc6+ Kb8 39. Qb5+
Kc7 40. Qb3 h5 41. a4 h4 42. h3 a5 43. Qb6+ Kc8 44. Qc6+ Kb8 45. Qd6+ Kc8 46.
c6 Qxg2+ 47. Kxg2 1/2-1/2

[Event "SG Bochum 3 - SW Oberhausen 1"]
[Site "Verbandsklasse - Gr. 2 2019/2"]
[Date "2019.12.08"]
[Round "4.7"]
[White "Matthies, Jochen"]
[Black "Walny, Benjamin"]
[Result "0-1"]
[WhiteElo "1784"]
[BlackElo "1787"]
[Annotator "Daniel"]
[PlyCount "106"]
[EventDate "2019.??.??"]
[WhiteTeam "SW Oberhausen 1"]
[BlackTeam "SG Bochum 3"]

1. d4 Nf6 2. Nf3 g6 3. g3 Bg7 4. Bg2 c5 5. c3 cxd4 6. Nxd4 O-O 7. O-O d5 8. Bg5
Ne4 9. Nf3 Nxg5 10. Nxg5 e6 11. Nf3 Nc6 12. e3 e5 13. Qb3 Na5 14. Qd1 Bg4 15.
h3 Be6 16. Nbd2 Rc8 17. Re1 h6 18. b4 Nc4 19. Nxc4 Rxc4 20. Rc1 Qc8 21. Qd2 Rd8
22. Bf1 Rc7 23. Kh2 a6 24. Red1 g5 25. Qb2 g4 26. hxg4 Bxg4 27. Be2 Bxf3 28.
Bxf3 e4 29. Bg2 Qe6 30. Qb3 $11 b5 31. Rc2 Qf5 32. Kg1 Rd6 33. a3 h5 34. Rf1
Qc8 35. Rd1 Qe6 36. Kh2 h4 37. Bh3 Qe5 38. Kg2 hxg3 39. fxg3 Rxc3 40. Rxc3 Qxc3
41. Qxc3 Bxc3 42. Bf5 Bb2 43. Bxe4 Bxa3 44. Rxd5 Bxb4 45. Rg5+ Kf8 46. Rf5 Bc3
47. Rc5 b4 48. Kf3 f6 49. Bd5 Ke7 50. e4 Rb6 51. g4 Kd6 52. Rc8 a5 53. Ra8 b3
0-1

[Event "SG Bochum 3 - SW Oberhausen 1"]
[Site "Verbandsklasse - Gr. 2 2019/2"]
[Date "2019.12.08"]
[Round "4.8"]
[White "Stachnik, Adam"]
[Black "Schulz, Marcus"]
[Result "1/2-1/2"]
[WhiteElo "1801"]
[BlackElo "1740"]
[PlyCount "27"]
[EventDate "2019.??.??"]
[WhiteTeam "SG Bochum 3"]
[BlackTeam "SW Oberhausen 1"]

1. e4 d6 2. Bc4 Nf6 3. d3 c6 4. c3 e5 5. Bb3 Be7 6. Nd2 O-O 7. h3 Qc7 8. Ngf3
h6 9. Nf1 Nbd7 10. Ng3 Nc5 11. Bc2 Nh7 12. d4 Ne6 13. Nf5 Neg5 14. O-O 1/2-1/2

[Event "SC Gerthe - Werne 1 - SV Unser Fritz 1"]
[Site "Verbandsklasse - Gr. 3 2019/2"]
[Date "2019.12.08"]
[Round "4.1"]
[White "Rutz, Dirk"]
[Black "Quast, Marcel"]
[Result "0-1"]
[WhiteElo "2007"]
[BlackElo "2230"]
[PlyCount "118"]
[EventDate "2019.??.??"]
[WhiteTeam "SV Unser Fritz 1"]
[BlackTeam "SC Gerthe - Werne 1"]

1. c4 f5 2. Nc3 Nf6 3. Nf3 d6 4. d4 g6 5. g3 Bg7 6. Bg2 O-O 7. O-O c6 8. d5 e5
9. dxc6 bxc6 10. Qa4 Qe7 11. Rd1 Kh8 12. b3 e4 13. Nd4 Nfd7 14. Nxc6 Nxc6 15.
Nd5 Nb6 16. Nxb6 axb6 17. Qxa8 Bb7 18. Bg5 Rxa8 19. Bxe7 Bxa1 20. Bxd6 Rxa2 21.
f3 Kg8 22. fxe4 Nd4 23. Kf1 Nxb3 24. exf5 Bxg2+ 25. Kxg2 Rxe2+ 26. Kf3 Rd2 27.
Rb1 Rxd6 28. Rxb3 gxf5 29. Kf4 Bd4 30. Kxf5 Bc5 31. g4 Rd2 32. h4 Rc2 33. Rd3
Rxc4 34. Rd8+ Bf8 35. Rb8 Rc6 36. g5 Kf7 37. Rb7+ Be7 38. h5 Rd6 39. Ke5 Re6+
40. Kf5 Rc6 41. Ke5 Ke8 42. Kd5 Rd6+ 43. Ke5 Kf8 44. Rb8+ Kf7 45. Kf5 Rc6 46.
Ke5 Rc5+ 47. Ke4 Rxg5 48. Rxb6 Rxh5 49. Kf4 Rh3 50. Kg4 Ra3 51. Rc6 Bf6 52. Rc8
Rb3 53. Ra8 h5+ 54. Kf4 h4 55. Kg4 h3 56. Ra2 Be5 57. Ra7+ Ke6 58. Ra6+ Bd6 59.
Ra1 h2 0-1

[Event "SC Gerthe - Werne 1 - SV Unser Fritz 1"]
[Site "Verbandsklasse - Gr. 3 2019/2"]
[Date "2019.12.08"]
[Round "4.2"]
[White "Gottmann, Bernd"]
[Black "Mueller, Martin"]
[Result "1/2-1/2"]
[WhiteElo "1953"]
[BlackElo "2014"]
[Annotator "Daniel"]
[PlyCount "143"]
[EventDate "2019.??.??"]
[WhiteTeam "SC Gerthe - Werne 1"]
[BlackTeam "SV Unser Fritz 1"]

1. d4 d6 2. c4 e5 3. d5 f5 4. e4 Nf6 5. Nc3 Na6 6. exf5 Bxf5 7. Nge2 Be7 8. Ng3
Bd7 9. Bd3 c6 10. Nh5 g6 11. Nxf6+ Bxf6 12. O-O Qe7 13. Be3 O-O 14. a3 Bf5 15.
Be4 c5 16. Qd2 Nc7 17. b4 b6 18. bxc5 bxc5 19. Rab1 Rab8 20. Rb2 Na8 21. Rfb1
Rxb2 22. Rxb2 Nb6 23. Qd3 Bg5 24. a4 Bxe3 25. fxe3 Qh4 26. g3 Qg4 27. Rf2 Kg7
28. a5 Nc8 29. Bxf5 gxf5 30. Qe2 Qg5 31. Qd2 Rf7 32. e4 f4 33. Kh1 Kf8 34. gxf4
exf4 35. e5 Qxe5 36. Re2 Qh5 37. Qd3 f3 38. Rf2 Ne7 39. Ne4 Qf5 40. Qe3 Ng6 41.
Ng3 Qf6 42. Qb3 Qa1+ 43. Rf1 Qxa5 44. Qb8+ $11 Kg7 45. Qc8 Qa2 46. Rg1 f2 47.
Rf1 Qxc4 48. Qe6 Qd3 49. Qe4 Ne5 50. Qg2 Qf3 51. Nf5+ Kf8 52. Nxd6 Rf4 53. Qxf3
Rxf3 54. Kg2 Ke7 55. Nc4 Rf5 56. Ne3 Rf7 57. Rxf2 Rxf2+ 58. Kxf2 Kd6 59. Ke2 c4
60. Kd2 Kc5 61. Kc3 a5 62. h3 h5 63. h4 a4 64. Ng2 Kxd5 65. Nf4+ Ke4 66. Nxh5
a3 67. Nf6+ Kf5 68. Nd5 Nd3 69. Kxc4 Kg4 70. Kxd3 a2 71. Ne3+ Kxh4 72. Nc2
1/2-1/2

[Event "SC Gerthe - Werne 1 - SV Unser Fritz 1"]
[Site "Verbandsklasse - Gr. 3 2019/2"]
[Date "2019.12.08"]
[Round "4.3"]
[White "Jungbluth, Michael"]
[Black "Berens, Thomas"]
[Result "0-1"]
[WhiteElo "1999"]
[BlackElo "1801"]
[PlyCount "46"]
[EventDate "2019.??.??"]
[WhiteTeam "SV Unser Fritz 1"]
[BlackTeam "SC Gerthe - Werne 1"]

1. d4 Nf6 2. c4 c5 3. d5 b5 4. cxb5 a6 5. bxa6 g6 6. g3 d6 7. Bg2 Bg7 8. Nf3
Bxa6 9. Nc3 Nbd7 10. O-O Nb6 11. Rb1 O-O 12. h3 Bc4 13. Nd2 Bxa2 14. Nxa2 Rxa2
15. e4 Qa8 16. f4 Nfd7 17. Kh1 Qa4 18. b3 Qb4 19. Re1 Rfa8 20. Re2 Ra1 21. Rxa1
Rxa1 22. Qc2 Qc3 23. Qxc3 Bxc3 0-1

[Event "SC Gerthe - Werne 1 - SV Unser Fritz 1"]
[Site "Verbandsklasse - Gr. 3 2019/2"]
[Date "2019.12.08"]
[Round "4.4"]
[White "Kalle, Yannis"]
[Black "Distelrath, Oliver"]
[Result "0-1"]
[WhiteElo "1811"]
[BlackElo "1872"]
[PlyCount "98"]
[EventDate "2019.??.??"]
[WhiteTeam "SC Gerthe - Werne 1"]
[BlackTeam "SV Unser Fritz 1"]

1. e4 d6 2. d4 Nf6 3. Nc3 e5 4. dxe5 dxe5 5. Qxd8+ Kxd8 6. Nf3 Bd6 7. Bc4 Be6
8. Bxe6 fxe6 9. b3 Nbd7 10. Bb2 Ke7 11. O-O-O a6 12. Ne1 Ng4 13. Rd2 Ngf6 14.
f3 b5 15. Nd3 Rhb8 16. Nd1 a5 17. a3 Nh5 18. g3 Rf8 19. Rf1 Nhf6 20. Ne3 g5 21.
Kd1 h5 22. Ng2 b4 23. a4 Nxe4 24. Re2 Nc3+ 25. Bxc3 bxc3 26. Ne3 g4 27. fxg4
Rxf1+ 28. Nxf1 hxg4 29. Ne3 Nf6 30. Nf2 Rg8 31. Nc4 Rd8 32. Ke1 Rh8 33. Nd1 Nd5
34. Nxa5 e4 35. Nc4 Bc5 36. Kf1 e3 37. Kg2 Rd8 38. Ne5 Rg8 39. Nc4 Rd8 40. h4
gxh3+ 41. Kxh3 Rh8+ 42. Kg2 Rg8 43. Kf3 Rf8+ 44. Kg2 Rg8 45. Re1 Nf4+ 46. Kf3
Nh5 47. Rg1 e2 48. Nde3 Rxg3+ 49. Rxg3 e1=Q 0-1

[Event "SC Gerthe - Werne 1 - SV Unser Fritz 1"]
[Site "Verbandsklasse - Gr. 3 2019/2"]
[Date "2019.12.08"]
[Round "4.5"]
[White "Goessling, Jürgen"]
[Black "Melmer, Felix"]
[Result "0-1"]
[WhiteElo "1745"]
[BlackElo "1833"]
[PlyCount "66"]
[EventDate "2019.??.??"]
[WhiteTeam "SV Unser Fritz 1"]
[BlackTeam "SC Gerthe - Werne 1"]

1. e4 c5 2. Nf3 g6 3. d4 cxd4 4. c3 d3 5. Bf4 Nc6 6. Bxd3 Nf6 7. O-O d5 8. Nbd2
Bg7 9. Qb3 O-O 10. Rad1 Na5 11. Qc2 Qb6 12. Be3 Qc7 13. h3 Be6 14. Ng5 Bd7 15.
f4 h6 16. Nxf7 Rxf7 17. e5 Ne4 18. Nxe4 dxe4 19. Bxe4 Bf5 20. e6 Rf6 21. Bd4
Rxe6 22. Bxf5 gxf5 23. Qxf5 Bxd4+ 24. Rxd4 Rf6 25. Qg4+ Kh8 26. Rfd1 Qb6 27.
Kh1 Rg8 28. Qh5 Nc6 29. R4d2 Qe3 30. Rd3 Qxf4 31. R1d2 Rfg6 32. Qd5 e6 33. Qc5
Qf1+ 0-1

[Event "SC Gerthe - Werne 1 - SV Unser Fritz 1"]
[Site "Verbandsklasse - Gr. 3 2019/2"]
[Date "2019.12.08"]
[Round "4.6"]
[White "Loeffelbein, Klaus"]
[Black "Prang, Andreas"]
[Result "1/2-1/2"]
[WhiteElo "1843"]
[BlackElo "1821"]
[PlyCount "84"]
[EventDate "2019.??.??"]
[WhiteTeam "SC Gerthe - Werne 1"]
[BlackTeam "SV Unser Fritz 1"]

1. d4 Nf6 2. c4 c6 3. Nf3 d5 4. cxd5 cxd5 5. Nc3 e6 6. Bf4 Nc6 7. e3 a6 8. Be2
Bd6 9. Bg5 O-O 10. O-O b5 11. Rc1 Bb7 12. e4 dxe4 13. Nxe4 Be7 14. Nc5 Bxc5 15.
Rxc5 Nb4 16. a4 bxa4 17. Qxa4 Nbd5 18. Ne5 Qd6 19. Nc4 Qb8 20. Bxf6 Nxf6 21.
Qa3 Rd8 22. Rd1 Qf4 23. Qe3 Qb8 24. Rg5 Nd5 25. Qg3 Qxg3 26. Rxg3 Nf4 27. Bf1
Rab8 28. Ra3 Kf8 29. Rd2 Rbc8 30. Na5 Ba8 31. Rc3 Rxc3 32. bxc3 e5 33. g3 Ne6
34. d5 Rxd5 35. Rxd5 Bxd5 36. Bxa6 Ke7 37. Bc4 Kd6 38. Kf1 Kc5 39. Bxd5 Kxd5
40. Ke2 Nc5 41. Ke3 Kd6 42. Nc4+ Kd5 1/2-1/2

[Event "SC Gerthe - Werne 1 - SV Unser Fritz 1"]
[Site "Verbandsklasse - Gr. 3 2019/2"]
[Date "2019.12.08"]
[Round "4.7"]
[White "Nowicki, Heiko"]
[Black "Meise, Ulrich"]
[Result "0-1"]
[WhiteElo "1775"]
[BlackElo "1820"]
[PlyCount "96"]
[EventDate "2019.??.??"]
[WhiteTeam "SV Unser Fritz 1"]
[BlackTeam "SC Gerthe - Werne 1"]

1. e4 e5 2. Nf3 Nf6 3. Nxe5 d6 4. Nf3 Nxe4 5. Nc3 Nxc3 6. dxc3 Be7 7. Be3 Nd7
8. Qd2 O-O 9. O-O-O a5 10. Nd4 Ne5 11. h3 c6 12. f4 Ng6 13. g4 d5 14. f5 Ne5
15. Bf4 Bd6 16. Qh2 f6 17. Qg3 Qc7 18. Kb1 Re8 19. h4 Bd7 20. g5 Kh8 21. Rg1
Qd8 22. gxf6 Qxf6 23. h5 Nf7 24. Bxd6 Nxd6 25. Bd3 Rad8 26. Rdf1 c5 27. Ne6
Bxe6 28. fxe6 Qh6 29. Re1 c4 30. Bf1 Ne4 31. Qc7 Nd2+ 32. Ka1 Nf3 33. Bh3 Nxg1
34. Rxg1 Qf6 35. Qxb7 d4 36. cxd4 Qxd4 37. Qh1 Rb8 38. c3 Qd2 39. Rg2 Qe3 40.
Bf5 Re7 41. Qb1 h6 42. Qd1 Rf8 43. Qg4 Qe1+ 44. Bb1 Qxe6 45. Qd4 Rf1 46. Qd8+
Re8 47. Qd4 Rxb1+ 48. Kxb1 Qf5+ 0-1

[Event "SC Gerthe - Werne 1 - SV Unser Fritz 1"]
[Site "Verbandsklasse - Gr. 3 2019/2"]
[Date "2019.12.08"]
[Round "4.8"]
[White "Steinke, Matthias"]
[Black "Koch, Till"]
[Result "0-1"]
[WhiteElo "1764"]
[BlackElo "1763"]
[PlyCount "56"]
[EventDate "2019.??.??"]
[WhiteTeam "SC Gerthe - Werne 1"]
[BlackTeam "SV Unser Fritz 1"]

1. d4 Nf6 2. c4 e6 3. Nc3 Bb4 4. Bg5 h6 5. Bd2 b6 6. e3 O-O 7. Be2 Bb7 8. Nf3
Re8 9. O-O Bf8 10. Qc2 c5 11. Rfd1 Nc6 12. a3 cxd4 13. exd4 d5 14. Be3 Rc8 15.
cxd5 exd5 16. Qd3 Bd6 17. h3 Bb8 18. Rac1 Na5 19. Nd2 Qd6 20. g3 Qd7 21. Kh2
Nc4 22. Nxc4 dxc4 23. Qd2 Nd5 24. Rf1 Nxe3 25. fxe3 Qd6 26. Rg1 Qg6 27. Rce1 h5
28. h4 Qf6 0-1

[Event "SG Höntrop 1 - Hervest-Dorstener SK 1"]
[Site "Verbandsklasse - Gr. 3 2019/2"]
[Date "2019.12.08"]
[Round "4.1"]
[White "Tig, Achmet"]
[Black "Oberbarnscheidt, Ludger"]
[Result "1/2-1/2"]
[WhiteElo "1967"]
[BlackElo "1968"]
[PlyCount "51"]
[EventDate "2019.??.??"]
[WhiteTeam "Hervest-Dorstener SK 1"]
[BlackTeam "SG Höntrop 1"]

1. d4 Nc6 2. Nf3 d6 3. c4 g6 4. Nc3 Bg7 5. h3 e5 6. d5 Nce7 7. e4 f5 8. Be2 Nf6
9. Nd2 O-O 10. O-O g5 11. exf5 Bxf5 12. f3 Ng6 13. Nde4 Nf4 14. Nxg5 N6xd5 15.
Nxd5 Qxg5 16. Nxf4 exf4 17. g4 Rae8 18. Rf2 c5 19. Rg2 Bd4+ 20. Kh2 Bg6 21. Qb3
Re7 22. Bd2 Rfe8 23. Bf1 b6 24. a4 Be3 25. Bc3 Bd4 26. Bd2 1/2-1/2

[Event "SG Höntrop 1 - Hervest-Dorstener SK 1"]
[Site "Verbandsklasse - Gr. 3 2019/2"]
[Date "2019.12.08"]
[Round "4.2"]
[White "Rostek, Joerg"]
[Black "Hermanowski, Mark"]
[Result "1-0"]
[WhiteElo "1902"]
[BlackElo "1881"]
[PlyCount "57"]
[EventDate "2019.??.??"]
[WhiteTeam "SG Höntrop 1"]
[BlackTeam "Hervest-Dorstener SK 1"]

1. e4 e6 2. d4 b6 3. Bd3 Bb7 4. Nf3 h6 5. O-O g5 6. Qe2 Bg7 7. Be3 Ne7 8. c3
O-O 9. e5 Ng6 10. Nbd2 d6 11. Rad1 dxe5 12. Bxg6 fxg6 13. Nxe5 Kh7 14. Qg4 Rf5
15. f4 h5 16. Qe2 g4 17. Rfe1 Nd7 18. Nf1 Bh6 19. Qc2 Nf8 20. Ng3 Rxf4 21. Bxf4
Bxf4 22. Nxh5 Bxh2+ 23. Kxh2 Qh4+ 24. Kg1 Qxh5 25. Qf2 g5 26. Re3 Kg7 27. Rf1
Rc8 28. Qf6+ Kg8 29. Nxg4 1-0

[Event "SG Höntrop 1 - Hervest-Dorstener SK 1"]
[Site "Verbandsklasse - Gr. 3 2019/2"]
[Date "2019.12.08"]
[Round "4.3"]
[White "Nowok, Frank"]
[Black "Peters, Michael"]
[Result "1/2-1/2"]
[WhiteElo "1865"]
[BlackElo "1981"]
[Annotator "Daniel"]
[PlyCount "82"]
[EventDate "2019.??.??"]
[WhiteTeam "Hervest-Dorstener SK 1"]
[BlackTeam "SG Höntrop 1"]

1. c4 c5 2. g3 Nf6 3. Bg2 d5 4. cxd5 Nxd5 5. Nc3 Nc7 6. Nf3 Nc6 7. d3 e5 8. O-O
Be7 9. Be3 f6 10. Rc1 Bd7 11. Ne4 b6 12. a3 O-O 13. Bd2 Rc8 14. Ne1 $11 f5 15.
Nc3 Nd4 16. e3 Nde6 17. Qb3 Kh8 18. Nf3 Bd6 19. Rfe1 Qe7 20. Nh4 f4 21. exf4
exf4 22. Ne4 Nd4 23. Qd1 Nce6 24. Bc3 Bb8 25. Bxd4 cxd4 26. Rxc8 Rxc8 27. Nd2
Qc5 28. Bh3 Nf8 29. Bg2 Qb5 30. Nc4 Re8 31. Rxe8 Bxe8 32. Qg4 Qd7 33. Qg5 h6
34. Qf5 Qxf5 35. Nxf5 Ne6 36. Bd5 Nc5 37. Nxd4 fxg3 38. fxg3 Nxd3 39. b3 Ne5
40. Ne3 Bd6 41. b4 a5 1/2-1/2

[Event "SG Höntrop 1 - Hervest-Dorstener SK 1"]
[Site "Verbandsklasse - Gr. 3 2019/2"]
[Date "2019.12.08"]
[Round "4.4"]
[White "Barth, Hans-Joachim"]
[Black "Vengels, Joachim"]
[Result "1/2-1/2"]
[WhiteElo "1678"]
[BlackElo "1969"]
[PlyCount "41"]
[EventDate "2019.??.??"]
[WhiteTeam "SG Höntrop 1"]
[BlackTeam "Hervest-Dorstener SK 1"]

1. e4 c6 2. d4 d5 3. e5 Bf5 4. Nf3 e6 5. Be2 a6 6. O-O c5 7. Be3 Qb6 8. b3 Nc6
9. Nc3 cxd4 10. Nxd4 Nxd4 11. Bxd4 Qc7 12. Bd3 Nh6 13. f4 Bxd3 14. Qxd3 Nf5 15.
Nxd5 Qd8 16. Nb6 Nxd4 17. Nxa8 Bc5 18. Qc4 Nxb3+ 19. Kh1 Nxa1 20. Qxc5 Qxa8 21.
Rxa1 1/2-1/2

[Event "SG Höntrop 1 - Hervest-Dorstener SK 1"]
[Site "Verbandsklasse - Gr. 3 2019/2"]
[Date "2019.12.08"]
[Round "4.5"]
[White "Hater, Norbert"]
[Black "Geistmeier, Frank"]
[Result "1-0"]
[WhiteElo "1843"]
[BlackElo "1766"]
[PlyCount "53"]
[EventDate "2019.??.??"]
[WhiteTeam "Hervest-Dorstener SK 1"]
[BlackTeam "SG Höntrop 1"]

1. d4 e6 2. e4 d5 3. Be3 dxe4 4. Nd2 Nf6 5. f3 exf3 6. Ngxf3 Be7 7. Bd3 c6 8.
O-O Nbd7 9. Qe1 Nd5 10. c4 Nxe3 11. Qxe3 Nf6 12. Ne5 O-O 13. Rf3 Bd6 14. Rg3 g6
15. Rf1 Kg7 16. Rh3 h5 17. Ne4 Nxe4 18. Qxe4 Bxe5 19. dxe5 f5 20. exf6+ Rxf6
21. Qe5 Kf7 22. Rxf6+ Qxf6 23. Rf3 Qxf3 24. gxf3 Bd7 25. Qc7 Ke7 26. Qxb7 Rf8
27. Be4 1-0

[Event "SG Höntrop 1 - Hervest-Dorstener SK 1"]
[Site "Verbandsklasse - Gr. 3 2019/2"]
[Date "2019.12.08"]
[Round "4.6"]
[White "Koch, Burkhard"]
[Black "Buesken, Klaus"]
[Result "1/2-1/2"]
[WhiteElo "1731"]
[BlackElo "1820"]
[PlyCount "47"]
[EventDate "2019.??.??"]
[WhiteTeam "SG Höntrop 1"]
[BlackTeam "Hervest-Dorstener SK 1"]

1. e4 c5 2. Nc3 Nc6 3. f4 g6 4. Nf3 Bg7 5. Bc4 e6 6. O-O Nge7 7. Qe1 O-O 8. f5
exf5 9. d3 fxe4 10. dxe4 d6 11. Bg5 Qe8 12. Qh4 Kh8 13. Bf6 Ng8 14. Bxg7+ Kxg7
15. Ng5 h6 16. Nxf7 Be6 17. Nxd6 Qd7 18. Bxe6 Qxd6 19. Bd5 Nf6 20. Nb5 Qe5 21.
c3 a6 22. Na3 Nxd5 23. exd5 Qxd5 24. Nc4 1/2-1/2

[Event "SG Höntrop 1 - Hervest-Dorstener SK 1"]
[Site "Verbandsklasse - Gr. 3 2019/2"]
[Date "2019.12.08"]
[Round "4.7"]
[White "Kudsin, Alexander"]
[Black "Remshagen, Peter"]
[Result "1-0"]
[WhiteElo "1741"]
[BlackElo "1608"]
[PlyCount "61"]
[EventDate "2019.??.??"]
[WhiteTeam "Hervest-Dorstener SK 1"]
[BlackTeam "SG Höntrop 1"]

1. d4 f5 2. c4 Nf6 3. Nc3 e6 4. g3 Be7 5. Bg2 O-O 6. Nh3 d6 7. f4 a6 8. Qb3 c6
9. a4 Nbd7 10. a5 Kh8 11. Ng5 Nb8 12. Bd2 d5 13. Na4 Ne4 14. Nxe4 dxe4 15. Nb6
Ra7 16. Be3 Qd6 17. c5 Qc7 18. Bf2 Rf6 19. e3 Nd7 20. g4 Rg6 21. g5 h6 22. h4
hxg5 23. hxg5+ Kg8 24. Rc1 Qb8 25. Bh3 Bxg5 26. fxg5 Nf8 27. Bxf5 Rxg5 28. Bxe4
Kf7 29. Ke2 Ke8 30. Nc4 Kd7 31. Rh8 1-0

[Event "SG Höntrop 1 - Hervest-Dorstener SK 1"]
[Site "Verbandsklasse - Gr. 3 2019/2"]
[Date "2019.12.08"]
[Round "4.8"]
[White "Jedner, Volker"]
[Black "Schmidt, Christian"]
[Result "0-1"]
[WhiteElo "1760"]
[BlackElo "1636"]
[PlyCount "96"]
[EventDate "2019.??.??"]
[WhiteTeam "SG Höntrop 1"]
[BlackTeam "Hervest-Dorstener SK 1"]

1. d4 g6 2. Nf3 Bg7 3. e4 c5 4. c3 Qa5 5. Be3 Nf6 6. Nbd2 d6 7. dxc5 dxc5 8.
Nb3 Qc7 9. Nxc5 O-O 10. h3 b6 11. Nb3 Nxe4 12. Qc2 Bb7 13. Be2 Nd7 14. O-O Rac8
15. Rad1 e5 16. Nbd2 Ndf6 17. Rfe1 Nxd2 18. Nxd2 Rfe8 19. Bg5 Nd5 20. Bb5 Bc6
21. Bxc6 Qxc6 22. Nf3 h6 23. Bh4 Nf4 24. Bg3 Nxh3+ 25. gxh3 Qxf3 26. Rd3 Qf5
27. Kg2 Rcd8 28. Red1 Rxd3 29. Qxd3 Qxd3 30. Rxd3 Re7 31. Rd8+ Kh7 32. c4 f5
33. f3 g5 34. Bf2 e4 35. fxe4 fxe4 36. b3 e3 37. Be1 Kg6 38. Kf3 h5 39. Rd6+
Kf5 40. Rd5+ Re5 41. Rxe5+ Bxe5 42. Kxe3 g4 43. hxg4+ Kxg4 44. Ke4 Bg3 45. Bxg3
Kxg3 46. b4 h4 47. c5 bxc5 48. bxc5 h3 0-1

[Event "DJK Wacker Bergeborbeck 1 - SG Mengede "]
[Site "Verbandsklasse - Gr. 3 2019/2"]
[Date "2019.12.08"]
[Round "4.1"]
[White "Borgschulze, Maik"]
[Black "Landscheidt, Heinz"]
[Result "1-0"]
[WhiteElo "2111"]
[BlackElo "1824"]
[PlyCount "91"]
[EventDate "2019.??.??"]
[WhiteTeam "SG Mengede 1"]
[BlackTeam "DJK Wacker Bergeborbeck 1"]

1. d4 c5 2. d5 Nf6 3. Nc3 g6 4. e4 d6 5. Nf3 Bg7 6. Be2 O-O 7. O-O e6 8. h3 a6
9. a4 exd5 10. exd5 Re8 11. Nd2 Nbd7 12. a5 b5 13. axb6 Nxb6 14. Nb3 Qc7 15.
Na5 Bd7 16. Bf3 Bb5 17. Re1 Rxe1+ 18. Qxe1 Re8 19. Qd1 Nfd7 20. Nxb5 axb5 21.
Nc6 Nc8 22. Bd2 b4 23. c3 bxc3 24. bxc3 Ne5 25. Ra8 Kf8 26. Bg5 Nxc6 27. dxc6
Nb6 28. Rxe8+ Kxe8 29. Qe2+ Kf8 30. Qd3 Be5 31. Bh6+ Bg7 32. Bf4 Ke7 33. Qe2+
Kf8 34. Qa6 Bf6 35. Qd3 Ke7 36. Qe3+ Kf8 37. Qxc5 Ke7 38. Qe3+ Kf8 39. Qd3 Be5
40. Bxe5 dxe5 41. c4 Ke7 42. Qa3+ Ke6 43. Qa5 Ke7 44. Qb4+ Ke6 45. c5 Nd5 46.
Qb7 1-0